Sports Quiz

Random Sports or Letter Quiz

Olympic Sports A-Z Quiz Stats

 Plays Quiz not verified by Sporcle

Score 0/20 Timer 04:00
0 Plays Today
Letter Sport % Correct
BBadminton, Basketball...
88.7%
AAthletics, Archery...
84%
FFootball, Fencing...
80.9%
SSwimming, Sailing...
79.9%
CCycling, Canoe...
78.7%
TTennis, Trampoline...
71.8%
JJudo, Javelin...
71.5%
GGymnastics, Golf...
71.2%
DDiving, Decathlon...
69.9%
WWeightlifing, Water Polo...
68.3%
Letter Sport % Correct
HHandball, High Jump...
66.8%
RRowing, Relay...
66.5%
LLuge, Long Jump...
65.2%
EEventing, Equestrian
59.6%
PPentathlon, Pole Vault...
52.7%
IIce Hockey
51.4%
VVolleyball
47%
KKayak
44.2%
MMountain Biking, Marathon...
43.6%
NNordic Combined
20.7%

You're not logged in!

Compare scores with friends on all Sporcle quizzes.
Join for Free
OR
Log In

You Might Also Like...

Show Comments

Extras

Top Quizzes Today


Score Distribution

Your Account Isn't Verified!

In order to create a playlist on Sporcle, you need to verify the email address you used during registration. Go to your Sporcle Settings to finish the process.

Report this User

Report this user for behavior that violates our Community Guidelines.

Details: